Central Library, Doon University
WEBOPAC (ONLINE PUBLIC ACCESS CATALOGUE)

Marketing Research kit for Dummies (Record no. 60702)

MARC details
000 -LEADER
fixed length control field 00502nam a22001937a 4500
005 - DATE & TIME
control field 20260423132540.0
008 - FIXED-LENGTH DATA ELEMENTS--GENERAL INFORMATION
fixed length control field 260423b |||||||| |||| 00| 0 eng d
020 ## - ISBN
International Standard Book Number 9780470520680
Price 2702.70
040 ## - CATALOGING SOURCE
Original cataloging agency Doon University
041 ## - Language
Language English
082 ## - DDC NUMBER
Classification number 658.83
Book Number HYM
100 ## - MAIN ENTRY--PERSONAL NAME
Personal name Hyman, Michael R.
245 ## - TITLE STATEMENT
Title Marketing Research kit for Dummies
260 ## - PUBLICATION, DISTRIBUTION, ETC. (IMPRINT)
Place of publication, distribution, etc Canada
Name of publisher, distributor, etc Wiley
Date of publication, distribution, etc 2010
300 ## - PHYSICAL DESCRIPTION
Pages 392
650 ## - Subject
Subject Commerce ( PM USHA)
700 ## - Added Entry Personal Name
Added Entry Personal Name Sierra, Jeremy J.
942 ## - ADDED ENTRY ELEMENTS (KOHA)
Koha item type Books
100 ## - MAIN ENTRY--PERSONAL NAME
-- 26706
650 ## - Subject
-- 26705
700 ## - Added Entry Personal Name
-- 26707
952 ## - LOCATION AND ITEM INFORMATION (KOHA)
-- 2026-04-23
Holdings
Withdrawn status Lost status Source of classification or shelving scheme Damaged status Not for loan Location (home branch) Sublocation or collection (holding branch) Date acquired Koha issues (times borrowed) Koha full call number Accession No. Koha date last seen Koha item type
          Doon University Doon University 23.04.2026   658.83 HYM 32932 23.04.2026 Books
Contact : +91-135-2533126 (Library),+91-135-2533105 (Admin Office) , Email : doonlibrary@gmail.com

Powered by Koha